Normal view MARC view

Entry Personal Name

Number of records used in: 1

001 - CONTROL NUMBER

  • control field: 1184391

003 - CONTROL NUMBER IDENTIFIER

  • control field: OSt

005 - DATE AND TIME OF LATEST TRANSACTION

  • control field: 20260324131138.0

008 - FIXED-LENGTH DATA ELEMENTS

  • fixed length control field: 260324|| aca||aabn | a|a d

040 ## - CATALOGING SOURCE

  • Original cataloging agency: OSt
  • Transcribing agency: OSt

100 ## - HEADING--PERSONAL NAME

  • Personal name: Edwin L. Herr; Jack R. Rayman; Dennis E. Heitzmann

670 ## - SOURCE DATA FOUND

  • Source citation: Work cat.: (OSt)1781292: Edwin L. Herr; Jack R. Rayman; Dennis E. Heitzmann, The Professional Counselor as Administrator
Copyright @ Delhi University Library System